000 00420nam a2200169Ia 4500
008 230711s9999||||xx |||||||||||||| ||und||
020 _a978-1-4711-4178-8
041 _aENG
082 _a724.7
_bKU-T
100 _aKushner,Marc
245 4 _aThe Future of Architecture in 100 Buildings
250 _a1st Ed.
260 _c2015
_aNew York
_bSimon & Schuster
300 _a152p.
650 _aArchitecture
942 _cBK
999 _c6486
_d6486